00265nam a2200097 a 450000500170000000800410001705000180005810000240007624500250010026000420012520140414131857.0100827s19uu xx 00 eng d aFILbB23 2007 aVillanueva, Rene O. aAng barumbadong bus. aManila, Philippines :bAdarna,c2007.